Sports Quiz

Random Sports or NFL Quiz

Current CFB Coaches who coached in NFL Quiz Stats

 Plays Quiz not verified by Sporcle

Score 0/11 Timer 05:00
0 Plays Today
Coach % Correct
Nick Saban
87.1%
Lane Kiffin
63.5%
Steve Spurrier
61.8%
Bobby Petrino
50%
Dennis Erickson
42.7%
Dave Wannstedt
41%
Butch Davis
41%
Mike Sherman
32%
June Jones
28.7%
Mike Riley
28.7%
Howard Schnellenberger
3.4%

You're not logged in!

Compare scores with friends on all Sporcle quizzes.
OR
Log In

Show Comments

Extras

Created Oct 13, 2010ReportNominate
Tags:NFL Quiz, cfb, coach, pro, team

Top Quizzes Today


Score Distribution

Your Account Isn't Verified!

In order to create a playlist on Sporcle, you need to verify the email address you used during registration. Go to your Sporcle Settings to finish the process.

Report this User

Report this user for behavior that violates our Community Guidelines.

Details: